Responses for Show #1338 - Wednesday, May 30, 1990

Contestants

[<< previous game]

Doris Bell, an insurance solicitor from Olney, Maryland

Harvey Caughey, a bankruptcy trustee from Austin, Texas

Mike Clark, a writer from Ventura, California (whose 1-day cash winnings total $15,401)

[next game >>]

Jeopardy! Round responses

WORD ORIGINS
SONGS
ANIMALS
WORLD HISTORY
TELEVISION
SASKATCHEWAN
    $100 11
tulip

Mike
    $100 1
sizzles

Doris
    $100 18
Australia

Harvey
    $100 7
Libya

Mike
    $100 2
(Harvey: What is Roseanne Barr?)

Roseanne

HarveyDoris
    $100 21
buffalo

Mike
    $200 17
peccadillo

Harvey
    $200 10
cookin somethin' up with me

Doris
    $200 19
royal jelly

Mike
    $200 8
Mexico City

Mike
    $200 3
John Boy

Doris
    $200 27
wheat

Harvey
    $300 20
cosa nostra

Harvey
    $300 14
"Yellow Brick Road"

Doris
    $300 24
peahens

Doris
    $300 9
Pius XII

Harvey
    $300 4
Beauty and the Beast

Mike
    $300 28
Prince Albert

Mike
    $400 22
kibbitz

Mike
    $400 15
"Heartbreak Hotel"

Mike
    $400 25
(Alex: We have less than a minute to go in the round.)

Spain

Mike
    $500 12
Red Cross

Mike
    $400 5
(Mike: What is Kitten?)

Betty Anderson

Mike
Triple Stumper
    $400 29
Northwest Territories

Harvey
    $500 23
filigree

Doris
    $500 16
Neil Diamond

Mike
    $500 26
(Doris: What is a chimpanzee?)
(Mike: What is a spider monkey?)

rhesus monkey

MikeHarveyDoris
    $500 13
Mongolia

Harvey
    $500 6
Lucille Ball

Doris
    $500 30
Mounties (Royal Canadian Mounted Police)

Harvey

Scores at the first commercial break (after clue 12):

Mike Harvey Doris
$800 $200 $1,100

Scores at the end of the Jeopardy! Round:

Mike Harvey Doris
$2,600 $2,900 $1,700

Double Jeopardy! Round responses

U.S. CITIES
POETRY
PRESIDENTS
COOKING
POT LUCK
MEDICINE
    $200 11
Portland

Harvey
    $200 2
Don Juan

Mike
    $200 16
Theodore Roosevelt

Mike
    $200 1
frosting (icing)

Mike
    $200 22
Greece

Doris
    $200 30
fever

Mike
    $400 12
St. Louis

Mike
    $400 3
Ogden Nash

Doris
    $400 17
Eisenhower

Harvey
    $400 4
tomatoes

Doris
    $400 23
Billy Budd

Doris
    $400 26
newborn baby

Mike
    $600 13
St. Petersburg

Mike
    $600 8
Nokomis

Doris
    $600 18
Harding

Harvey
    $600 5
(Mike: Uh, what is fat or [*]?)

bacon

Mike
    $600 21
fear of fire

Doris
    $2,000 27
(Salk) polio

Mike
    $800 14
Albany

Harvey
    $800 9
Death

Doris
    $800 19
Andrew Jackson

Doris
    $800 6
broccoli

Mike
    $800 24
Princess Diana

Doris
    $800 28
Ibuprofen

Mike
    $1,500 15
Wilkes-Barre

Harvey
    $1000 10
increase

Doris
    $1000 20
(Harvey: Who is Johnson?)

(Ulysses) Grant

MikeHarvey
    $1000 7
flank steak

Doris
    $1000 25
Peloponnesian War

Mike
    $1000 29
petit mal

Mike

Scores at the end of the Double Jeopardy! Round:

Mike Harvey Doris
$12,000 $5,400 $8,700

[wagering suggestions for these scores]

Final Jeopardy! Round responses

ENGLAND
HarveyWhat is Big Ben
$5,300
DorisWhat is London Bridge?
$2,101
MikeWhat is the Tower of London?
$5,500
Tower of London

Final scores:

Mike Harvey Doris
$17,500 $100 $6,599
2-day champion: $32,901 3rd place: Maytag washer & dryer + Nintendo Entertainment System with Family & Junior versions of Jeopardy! & Wheel of Fortune 2nd place: trip to Malaysia & stay at Penang Mutiara Beach Resort

Game dynamics:

Coryat scores:

Mike Harvey Doris
$10,500 $4,900 $8,700
26 R
(including 2 DDs),
2 W
14 R
(including 1 DD),
2 W
19 R,
1 W

Combined Coryat: $24,100

[game clues] [game scores] [suggest correction]

Game tape date: 1990-01-29
The J! Archive is created by fans, for fans. Scraping, republication, monetization, and malicious use prohibited; this site may use cookies and collect identifying information. See terms. The Jeopardy! game show and all elements thereof, including but not limited to copyright and trademark thereto, are the property of Jeopardy Productions, Inc. and are protected under law. This website is not affiliated with, sponsored by, or operated by Jeopardy Productions, Inc. Join the discussion at JBoard.tv.